[Event "It (open) (b)"]
[Site "masterchessopen.com Kecskemet (Hungary)"]
[Round "0"]
[White "Golikov Anatolij (RUS)"]
[Black "Kindl Peter (GER)"]
[Result "1-0"]
[WhiteElo "2338"]
[BlackElo "2280"]

1.d4 Nf6 2.c4 g6 3.g3 Bg7 4.Bg2 d5 5.cxd5 Nxd5 6.e4 Nb6 7.Ne2 e5 8.d5 c6
9.Nbc3 O-O 10.O-O cxd5 11.exd5 Na6 12.b3 Bd7 13.Be3 f5 14.Qd2 Rc8 15.Rac1 Nc5
16.Rc2 f4 17.gxf4 Bf5 18.Bxc5 Rxc5 19.Rcc1 exf4 20.Qxf4 Bxc3 21.Nxc3 Bd3
22.Qb4 Bxf1 23.Rxf1 Qc8 24.Ne4 Rc1 25.Qd2 Rxf1+ 26.Kxf1 Qf5 27.d6 Nd7 28.a4 b6
29.Kg1 Re8 30.Qd4 Qe5 31.Qc4+ Kf8 32.h4 Qe6 33.Qd4 Kg8 34.Ng5 Qe1+ 35.Bf1 Qe5
36.Bc4+ Kg7 37.Qg4 Qxd6 38.h5 Re1+ 39.Kg2 Qc6+ 40.f3 Ne5 41.h6+ Kf8 42.Nxh7+
Ke7 43.Qg5+ Kd6 44.Qf6+ Kc5 45.Qxc6+ Kxc6 46.Bb5+ Kd6 47.Ng5 Rc1 48.h7 Rc8
49.f4 {#r} 1-0

[Event "It (open)"]
[Site "masterchessopen.com Philadelphia (USA)"]
[Round "0"]
[White "De Fotis Gregory (USA)"]
[Black "Marchand Erick (FRA)"]
[Result "1-0"]
[WhiteElo "2380"]
[BlackElo "2185"]

1.d4 d5 2.g3 Nf6 3.Bg2 g6 4.c4 Bg7 5.cxd5 Nxd5 6.e4 Nb6 7.Ne2 O-O 8.Nbc3 Nc6
9.d5 Ne5 10.O-O f5 11.f4 Nf7 12.e5 Rb8 13.Nd4 Qe8 14.Qb3 a6 15.Be3 {#r} 1-0

[Event "It \"]
[Site "masterchessopen.com Prague (Czech Republic)"]
[Round "5"]
[White "Lanzendoerfer Johannes (GER)"]
[Black "Pribyl Martin (CZE)"]
[Result "0-1"]
[WhiteElo "2207"]
[BlackElo "2215"]

1.d4 Nf6 2.c4 g6 3.g3 Bg7 4.Bg2 d5 5.cxd5 Nxd5 6.e4 Nb6 7.Ne2 O-O 8.Nbc3 e5
9.d5 c6 10.O-O cxd5 11.exd5 Nc4 12.b3 Nd6 13.a4 Re8 14.Ba3 a6 15.Qd2 Bf5 16.a5
Bf8 17.Na4 Nd7 18.Rfc1 h5 19.Nb2 Nf6 20.Bxd6 Bxd6 21.Qe3 Qe7 22.h3 Rac8 23.Na4
Kg7 24.Nb6 Rxc1+ 25.Rxc1 Bb4 26.Nc4 Bc5 27.Qc3 Be4 28.d6 Bxd6 29.Nxd6 Qxd6
30.Re1 Bxg2 31.Kxg2 Qd5+ 32.Kg1 Rd8 33.Nc1 Qd2 34.Ne2 Qxc3 35.Nxc3 Rd3 36.Rc1
{#R} 0-1

[Event "It \"]
[Site "masterchessopen.com Prague (Czech Republic)"]
[Round "9"]
[White "Gregor Jiri (CZE)"]
[Black "Pribyl Josef (CZE)"]
[Result "0-1"]
[WhiteElo "1647"]
[BlackElo "2440"]

1.d4 Nf6 2.c4 g6 3.g3 Bg7 4.Bg2 d5 5.cxd5 Nxd5 6.e4 Nb6 7.Ne2 O-O 8.Nbc3 e5
9.d5 c6 10.a4 cxd5 11.exd5 Nc4 12.b3 Nd6 13.Ba3 Re8 14.Rc1 a6 15.Qd2 Bf8
16.Ra1 Nd7 17.O-O Nf6 18.Rfd1 Bf5 19.h3 h5 20.a5 Rc8 21.Ra2 Kh7 22.Bc1 Rc5
23.b4 Rc4 24.Rb2 Qd7 25.Kh2 Rc7 26.Qe1 Nc4 27.Ra2 Bxb4 28.Ne4 Bxe4 29.Qxb4
Bxg2 30.Kxg2 Nxd5 31.Qb3 Qe6 32.Ra4 Nce3+ {#R} 0-1

[Event "It"]
[Site "masterchessopen.com Slofok (Hungary)"]
[Round "0"]
[White "Petrosian Arshak B (ARM)"]
[Black "Fogarasi Tibor (HUN)"]
[Result "1-0"]
[WhiteElo "2500"]
[BlackElo "2400"]

1.d4 Nf6 2.c4 g6 3.g3 Bg7 4.Bg2 d5 5.cxd5 Nxd5 6.e4 Nb6 7.Ne2 c5 8.d5 O-O
9.O-O e6 10.Nec3 exd5 11.exd5 Na6 12.Nd2 Bf5 13.Nde4 h6 14.Bf4 Nc4 15.Qb3 Ne5
16.Qxb7 Qa5 17.Nd6 Bd3 18.Rfe1 Rab8 19.Qe7 Ng4 20.Nb7 Qb4 21.Bxb8 Qxb2 22.Bd6
Qxc3 23.Nxc5 Nxf2 24.Rac1 Qb2 25.Be5 Qxa2 26.Bxg7 Kxg7 27.Ne6+ {#r} 1-0

[Event "Tournament \"]
[Site "masterchessopen.com Spain"]
[Round "4"]
[White "Villavicencio Adalberto (ESP)"]
[Black "Ramos Aguilar Jose (ESP)"]
[Result "1-0"]
[WhiteElo "2310"]
[BlackElo "2217"]

1.d4 Nf6 2.c4 g6 3.g3 Bg7 4.Bg2 d5 5.cxd5 Nxd5 6.e4 Nb6 7.Ne2 O-O 8.Nbc3 Nc6
9.d5 Na5 10.a4 c5 11.O-O Bd7 12.Ra2 e6 13.h3 a6 14.Be3 Rc8 15.b3 exd5 16.exd5
Re8 17.Ne4 Bf5 18.Nxc5 Rxe3 19.fxe3 Rxc5 20.b4 Rc8 21.bxa5 Nc4 22.e4 Bd7
23.Qb3 Nxa5 24.Qf3 Qe8 25.Kh1 Rc4 26.Nf4 Bxa4 27.d6 Nc6 28.Nd5 Bc2 29.Qe2 Bb3
30.Ra3 Nd4 31.Qd3 Qb5 32.Rxb3 Nxb3 33.d7 Qxd7 34.Nf6+ Bxf6 35.Qxd7 {#r} 1-0

[Event "It (open) \"]
[Site "masterchessopen.com Bratislava (Slovakia)"]
[Round "5"]
[White "Hrivnak Vladimir (SVK)"]
[Black "Kebis Milos (SVK)"]
[Result "0-1"]
[WhiteElo "2235"]
[BlackElo "2008"]

1.d4 Nf6 2.c4 g6 3.g3 d5 4.cxd5 Nxd5 5.Bg2 Bg7 6.e4 Nb6 7.Ne2 O-O 8.O-O c6
9.Nbc3 N8d7 10.Qb3 c5 11.d5 Ne5 12.a4 e6 13.Be3 Nbc4 14.Bc1 Na5 15.Qa2 Nd3
16.Be3 Nb4 17.Qb1 Nb3 18.Ra3 Nd4 19.Rd1 Nbc2 20.Ra2 Nxe3 21.fxe3 Nxe2+ 22.Nxe2
exd5 23.exd5 Bg4 24.b3 Qe7 25.Qd3 Rae8 26.e4 Qd6 27.Rf1 f5 28.exf5 Bxf5 29.Qc4
Re3 30.Rf3 Bd3 31.Rxe3 Bxc4 32.bxc4 Qb6 33.Rc2 Bd4 {#R} 0-1

[Event "Ch Hessen"]
[Site "masterchessopen.com Hessen (Germany)"]
[Round "6"]
[White "Mittendorf Frank (GER)"]
[Black "Roeschlau Bernd (GER)"]
[Result "1-0"]
[WhiteElo "2126"]
[BlackElo "2222"]

1.d4 Nf6 2.c4 g6 3.g3 Bg7 4.Bg2 d5 5.cxd5 Nxd5 6.e4 Nb6 7.Ne2 O-O 8.Nbc3 a5
9.O-O c6 10.h3 Na6 11.b3 Be6 12.Be3 Qd6 13.Rc1 a4 14.d5 cxd5 15.exd5 Bc8
16.Ne4 Qd8 17.d6 Nd7 18.dxe7 Qxe7 19.Qd6 Qd8 20.Rfd1 Qa5 21.Nf4 Ne5 22.Nf6+
Kh8 23.Rd5 Qb4 24.Qxe5 Be6 25.Rb5 Qe7 26.N4d5 Qa3 27.Qf4 Rfd8 28.Qxa4 Qb2
29.Qd4 Qe2 30.Qc4 Qxa2 31.Qh4 h5 32.Nf4 Qb2 33.Rxh5+ {#r} 1-0

[Event "Ch Croatia"]
[Site "masterchessopen.com Croatia"]
[Round "0"]
[White "Hulak Krunoslav (CRO)"]
[Black "Fercec Nenad (CRO)"]
[Result "1-0"]
[WhiteElo "2530"]
[BlackElo "2456"]

1.d4 Nf6 2.c4 g6 3.g3 Bg7 4.Bg2 d5 5.cxd5 Nxd5 6.e4 Nb6 7.Ne2 c5 8.d5 e6 9.O-O
O-O 10.Nec3 Na6 11.Na3 Bd7 12.Be3 Rc8 13.Qd2 Re8 14.Bg5 Qc7 15.Bf4 Qd8 16.Rfd1
exd5 17.exd5 Na4 18.Nc4 Qf6 19.Ne4 Rxe4 20.Bxe4 Re8 21.Bg2 b5 22.Nd6 Re7
23.Qa5 Nxb2 24.Qd8+ Bf8 25.Ne4 Qb6 26.Qxb6 axb6 27.Nf6+ Kh8 28.d6 {#r} 1-0

[Event "Ch Yugoslavia"]
[Site "masterchessopen.com Kladovo (Yugoslavia)"]
[Round "6"]
[White "Sekulic Dusan (SRB)"]
[Black "Ilincic Zlatko (SRB)"]
[Result "1-0"]
[WhiteElo "2302"]
[BlackElo "2445"]

1.d4 Nf6 2.c4 g6 3.g3 Bg7 4.Bg2 d5 5.cxd5 Nxd5 6.e4 Nb6 7.Ne2 c5 8.d5 e6
9.Nbc3 O-O 10.O-O Na6 11.h3 Re8 12.g4 exd5 13.exd5 Nc4 14.Ne4 Nxb2 15.Qb3 c4
16.Qf3 Rxe4 17.Qxe4 f5 18.Qe3 Nd3 19.Rb1 fxg4 20.hxg4 Bxg4 21.Rxb7 Bxe2
22.Qxe2 Nac5 23.Rb1 Qh4 24.Be3 Be5 25.Rfd1 Rf8 26.Bxc5 Bh2+ 27.Kf1 Nxc5 28.Rb4
Bg3 29.f3 Rf4 30.d6 Rd4 31.Rxd4 Qxd4 32.Qxc4+ Qxc4+ 33.Rxc4 Bxd6 34.Rd4 Be7
35.Rb4 Kf7 36.Rb8 Ne6 37.Rb7 a6 38.Ra7 Nc5 39.Bh3 Kf6 40.Bc8 h5 41.Bxa6 g5
42.Bc8 Bd6 43.a4 Ke5 44.a5 {#r} 1-0

[Event "It"]
[Site "masterchessopen.com Shenzhen (China)"]
[Round "0"]
[White "Petrosian Arshak B (ARM)"]
[Black "Lin Weiguo (CHN)"]
[Result "1-0"]
[WhiteElo "2460"]
[BlackElo "2495"]

1.d4 Nf6 2.c4 g6 3.g3 Bg7 4.Bg2 d5 5.cxd5 Nxd5 6.e4 Nb6 7.Ne2 c5 8.d5 O-O
9.O-O e6 10.Nbc3 Na6 11.Nf4 e5 12.Nd3 Nc4 13.Qe2 Nd6 14.f4 f6 15.fxe5 fxe5
16.Rxf8+ Qxf8 17.Be3 b6 18.Rf1 Qe8 19.Rd1 h5 20.Nf2 Nc7 21.g4 Ba6 22.Qf3 Qf7
23.gxh5 gxh5 24.Qg3 Rf8 25.Nh3 Qd7 26.Qg6 Nc4 27.Ng5 Rf6 28.Qh7+ Kf8 29.Ne6+
Nxe6 30.dxe6 Qxe6 31.Bg5 Nd6 32.Bxf6 Qxf6 33.Qxh5 Bh6 34.Nd5 Qg7 35.Kh1 Bc4
36.Nxb6 Bf7 37.Qh3 Qg6 38.Nd7+ Kg7 39.Nxe5 {#r} 1-0

[Event "Ch Hungary (team) 1992/93"]
[Site "masterchessopen.com Hungary"]
[Round "0"]
[White "Peter Ambrus (HUN)"]
[Black "Balazs Attila (HUN)"]
[Result "1-0"]
[WhiteElo "2372"]
[BlackElo "2205"]

1.d4 Nf6 2.c4 g6 3.g3 Bg7 4.Bg2 d5 5.cxd5 Nxd5 6.e4 Nb6 7.Ne2 O-O 8.O-O Nc6
9.d5 Na5 10.Nbc3 c6 11.Bg5 h6 12.Bf4 cxd5 13.exd5 Nac4 14.b3 Nd6 15.Rc1 Bd7
16.Qd2 Kh7 17.Ne4 Nxe4 18.Bxe4 Bh3 19.Rfd1 Rc8 20.Be3 Rxc1 21.Rxc1 Nc8 22.Nf4
Bd7 23.Bd3 a6 24.Nh5 Rh8 25.Nxg7 Kxg7 26.Bd4+ f6 27.Qf4 Be8 28.Rc7 Bf7 29.Rxb7
Qxd5 30.Rxe7 Qg5 31.Rxf7+ Kxf7 32.Qc7+ Ke6 33.f4 Qh5 {#r} 1-0

[Event "It (open)"]
[Site "masterchessopen.com Paris (France)"]
[Round "0"]
[White "Bacrot Etienne (FRA)"]
[Black "Miulescu Gabriel (ROM)"]
[Result "0-1"]
[WhiteElo "2705"]
[BlackElo "2195"]

1.d4 Nf6 2.c4 g6 3.g3 Bg7 4.Bg2 d5 5.cxd5 Nxd5 6.e4 Nb6 7.Ne2 O-O 8.Nbc3 Nc6
9.d5 Ne5 10.f4 Nec4 11.a4 a5 12.e5 Nd7 13.Nb5 c6 14.dxc6 bxc6 15.b3 Ncxe5
16.fxe5 Nxe5 17.Nbd4 Ba6 18.O-O Qb6 19.Ba3 Ng4 20.Kh1 Ne3 {#R} 0-1

[Event "Memorial M.Chigorin"]
[Site "masterchessopen.com St. Petersburg (Russia)"]
[Round "1"]
[White "Akopian Vladimir (ARM)"]
[Black "Shmuter Leonid (UKR)"]
[Result "1-0"]
[WhiteElo "2600"]
[BlackElo "2452"]

1.d4 Nf6 2.c4 g6 3.g3 Bg7 4.Bg2 d5 5.cxd5 Nxd5 6.e4 Nb6 7.Ne2 Nc6 8.d5 Na5
9.O-O c6 10.Nbc3 cxd5 11.exd5 O-O 12.Re1 e6 13.Nf4 e5 14.Nd3 Nac4 15.b3 e4
16.Nxe4 Bxa1 17.bxc4 Bg7 18.Qb3 Bf5 19.Bg5 f6 20.Bf4 g5 21.Bd2 Kh8 22.Bb4 Re8
23.Nd6 Rxe1+ 24.Nxe1 Qd7 25.c5 a5 26.Bc3 Na4 27.Bd4 Qe7 28.Nxf5 Qxe1+ 29.Bf1
Qb4 30.Qe3 {#r} 1-0

[Event "Ch Ukraine (team)"]
[Site "masterchessopen.com Alushta (Ukraine)"]
[Round "0"]
[White "Lempert Igor (UKR)"]
[Black "Marchik N (UKR)"]
[Result "0-1"]
[WhiteElo "2510"]
[BlackElo "2300"]

1.d4 Nf6 2.c4 g6 3.g3 Bg7 4.Bg2 d5 5.cxd5 Nxd5 6.e4 Nb6 7.Ne2 O-O 8.O-O Nc6
9.d5 Na5 10.Qe1 Nac4 11.Nbc3 c6 12.h3 Ne5 13.Bg5 cxd5 14.exd5 Bxh3 15.Rd1 Qd7
16.f3 Bxg2 17.Kxg2 Rac8 18.Qd2 Rfe8 19.Ne4 f5 20.N4c3 Nf7 21.Be3 e6 22.Bxb6
axb6 23.Na4 exd5 24.Rf2 Rcd8 25.Nxb6 Qc6 26.Qa5 d4 27.Rc1 Re5 28.Qa7 Rc5
29.Nc4 d3 30.Na5 Rxc1 31.Nxc6 Rxc6 32.Qxb7 Rc2 33.Qb5 d2 34.Rf1 d1=Q 35.Rxd1
Rxd1 36.Qe8+ Bf8 {#R} 0-1

[Event "It (open)"]
[Site "masterchessopen.com Graz (Austria)"]
[Round "4"]
[White "Teske Henrik (GER)"]
[Black "Sakalauskas Vaidas (LTU)"]
[Result "0-1"]
[WhiteElo "2547"]
[BlackElo "2380"]

1.d4 Nf6 2.c4 g6 3.g3 Bg7 4.Bg2 d5 5.cxd5 Nxd5 6.e4 Nb6 7.Ne2 O-O 8.O-O e5
9.d5 c6 10.Nbc3 cxd5 11.exd5 Bf5 12.Be3 Na6 13.Qb3 Rc8 14.Rad1 Nc5 15.Bxc5
Rxc5 16.Qa3 Rc8 17.Qxa7 Nc4 18.b3 Nd6 19.Rc1 Bh6 20.f4 exf4 21.Nxf4 Bg7
22.Nce2 Ra8 23.Qc5 Rxa2 24.Nd4 Be4 25.Nf3 Nf5 26.Kh1 g5 27.Nd2 Rxd2 28.Bxe4
gxf4 29.Bxf5 fxg3 30.hxg3 Qg5 31.Qb4 Bd4 32.Bxh7+ Kxh7 {#R} 0-1

[Event "Ch Norway (team)"]
[Site "masterchessopen.com Norway"]
[Round "2"]
[White "Chavannes Ivar (NOR)"]
[Black "Agdestein Espen (NOR)"]
[Result "0-1"]
[WhiteElo "2148"]
[BlackElo "2330"]

1.d4 Nf6 2.c4 g6 3.g3 Bg7 4.Bg2 d5 5.cxd5 Nxd5 6.e4 Nb6 7.Ne2 c5 8.d5 e6 9.a4
exd5 10.exd5 O-O 11.O-O Na6 12.Nec3 Bf5 13.Na3 Nb4 14.a5 Nd7 15.Nab5 Bd3 16.d6
a6 17.Nc7 Bxf1 18.Kxf1 Rb8 19.Ne4 h6 20.Be3 Ne5 21.Bxc5 Ned3 22.Ba7 Rc8 23.Qb3
Kh7 24.Bb6 Qd7 25.Rd1 f5 26.Nc5 Nxc5 27.Bxc5 Rxc7 28.dxc7 Qb5+ 29.Kg1 Qxc5
30.Rd7 Qc1+ 31.Bf1 Qc6 32.Re7 Nd5 33.Re1 Nxc7 34.Bg2 Qc5 35.Bxb7 {#R} 0-1

[Event "It (open)"]
[Site "masterchessopen.com Robecchetto (Italy)"]
[Round "0"]
[White "Rossi Giampiero (ITA)"]
[Black "Nurkic Sahbaz (BIH)"]
[Result "0-1"]
[WhiteElo "1902"]
[BlackElo "2418"]

1.d4 g6 2.c4 Bg7 3.g3 d5 4.cxd5 Nf6 5.Bg2 Nxd5 6.e4 Nb6 7.Ne2 O-O 8.O-O Na6
9.Nbc3 c5 10.d5 e6 11.b3 exd5 12.exd5 Bg4 13.Bb2 Re8 14.Qd2 Qd7 15.Rfe1 Bf5
16.a3 Nc8 17.Nf4 Nd6 18.Rac1 b5 19.Bf1 c4 20.b4 Nc7 21.Rxe8+ Rxe8 22.Ng2 Ne4
23.Nxe4 Bxb2 24.Qxb2 Bxe4 25.Ne3 Nxd5 26.Rd1 Qe6 27.Qd4 Nxe3 28.Qxe3 Bc6
29.Qd4 Ba8 30.Bg2 Bxg2 31.Kxg2 Qc6+ 32.Kg1 Qf3 33.Qd7 Re6 34.Qd8+ Kg7 35.Qd4+
Rf6 36.Ra1 a6 37.a4 h5 38.axb5 axb5 39.Ra6 h4 40.Rd6 c3 41.Rxf6 Qxf6 42.Qc5 h3
43.f4 c2 44.Qxc2 Qd4+ 45.Kf1 Qxb4 46.Ke2 Qd4 47.Kf3 b4 48.Kg4 Qc3 {#R} 0-1

[Event "It (open)"]
[Site "masterchessopen.com Sala (Slovakia)"]
[Round "0"]
[White "Tibensky Robert (SVK)"]
[Black "Szegi Viktor (SVK)"]
[Result "1-0"]
[WhiteElo "2440"]
[BlackElo "2087"]

1.d4 Nf6 2.c4 g6 3.g3 d5 4.cxd5 Nxd5 5.Bg2 Bg7 6.e4 Nb6 7.Ne2 O-O 8.O-O Na6
9.Nbc3 c5 10.d5 f5 11.Nf4 Nc7 12.Be3 Qd6 13.Qe2 Nd7 14.exf5 gxf5 15.Rac1 b6
16.Rfd1 Ne5 17.Ne6 Ba6 18.Qh5 Nd3 19.Nxf8 Rxf8 20.Rc2 e5 21.dxe6 Nxe6 22.Rcd2
c4 23.Bh6 Nd4 24.Bd5+ Kh8 25.Bxg7+ Kxg7 26.Qg5+ Kh8 27.Qe3 Qf6 28.f4 Rd8
29.Bg2 Qf7 30.Ne2 Nxe2+ 31.Rxe2 Bb5 32.b3 cxb3 33.axb3 Qxb3 34.Red2 Qc3 35.Bf1
Re8 36.Rxd3 Rxe3 37.Rxc3 Rxc3 38.Bxb5 Rc5 39.Rd8+ Kg7 40.Rd7+ Kg6 41.Ba6 Ra5
42.Rxa7 Ra1+ 43.Kg2 Ra2+ 44.Kh3 b5 45.Ra8 {#r} 1-0

[Event "Slovak League 1993/94"]
[Site "masterchessopen.com Slovakia"]
[Round "11"]
[White "Certek Pavel (SVK)"]
[Black "Fabian Jaroslav (SVK)"]
[Result "1-0"]
[WhiteElo "2322"]
[BlackElo "2192"]

1.d4 Nf6 2.c4 g6 3.g3 Bg7 4.Bg2 d5 5.cxd5 Nxd5 6.e4 Nb6 7.Ne2 O-O 8.O-O Nc6
9.d5 Na5 10.Nec3 c6 11.Nd2 cxd5 12.exd5 e6 13.dxe6 Bxe6 14.Nde4 Rc8 15.Qxd8
Rfxd8 16.Bg5 Rd3 17.Rfd1 Rxd1+ 18.Rxd1 h6 19.Bf6 Bxf6 20.Nxf6+ Kg7 21.Nfe4
Nbc4 22.b3 Ne5 23.Nb5 Bg4 24.Ra1 a6 25.Nbd6 Rc2 26.h3 Bf3 27.b4 Bxg2 28.Kxg2
Nac4 29.Ne8+ Kf8 30.N8f6 Nd2 31.Nc5 a5 32.a3 b5 33.Re1 Ndc4 34.bxa5 Ra2 35.a4
Ke7 36.Ng4 Kd6 37.Ne4+ Kc7 38.Nxe5 Nxe5 39.Nc3 Nd3 40.Re7+ Kd6 41.Nxa2 Kxe7
42.axb5 Kd6 43.Nc3 Ne5 44.f4 Nc4 45.a6 Nb6 46.a7 {#r} 1-0

[Event "Ch Israel"]
[Site "masterchessopen.com Tel Aviv/Ramat-Gan (Israel)"]
[Round "5"]
[White "Manor Ilan (ISR)"]
[Black "Liss Eran (ISR)"]
[Result "1-0"]
[WhiteElo "2485"]
[BlackElo "2480"]

1.d4 Nf6 2.c4 g6 3.g3 Bg7 4.Bg2 d5 5.cxd5 Nxd5 6.e4 Nb6 7.Ne2 e5 8.d5 O-O
9.O-O c6 10.Nbc3 cxd5 11.exd5 Nc4 12.b3 Nd6 13.a4 Re8 14.Ba3 Bf5 15.Bxd6 Qxd6
16.Nb5 Qb4 17.Nc7 Na6 18.Nxa8 Rxa8 19.Rc1 Nc5 20.Rc4 Qa3 21.Nc3 Nxb3 22.Nb5
Qa2 23.Rc7 Rd8 24.Rxb7 Nc5 25.Rc7 Na6 26.Rxa7 Nb4 27.Qa1 Qe2 28.Qe1 Qb2 29.Qc3
e4 30.Qxb2 Bxb2 31.d6 Nd3 32.Re7 Nc5 33.a5 Bd7 34.Rb1 Bf6 35.Nc7 Bc6 36.Rc1
Rxd6 37.Re8+ Bxe8 38.Nxe8 Nd3 39.Rc8 Ra6 40.Nc7+ {#r} 1-0

[Event "It \"]
[Site "masterchessopen.com Bucharest (Romania)"]
[Round "12"]
[White "Badea Bela (ROM)"]
[Black "Miulescu Gabriel (ROM)"]
[Result "1-0"]
[WhiteElo "2510"]
[BlackElo "2415"]

1.c4 Nf6 2.g3 g6 3.Bg2 Bg7 4.d4 d5 5.cxd5 Nxd5 6.e4 Nb6 7.Ne2 c5 8.d5 e6 9.O-O
O-O 10.Nec3 Na6 11.a4 exd5 12.exd5 Bf5 13.Na3 Qd7 14.Be3 Bh3 15.Bxh3 Qxh3
16.Qf3 Nd7 17.Nc4 Nf6 18.Bg5 Ng4 19.Qg2 Qxg2+ 20.Kxg2 f6 21.Bf4 Nb4 22.Rad1
Nh6 23.Nb5 Nf7 24.Nc7 Rac8 25.d6 g5 26.d7 gxf4 27.dxc8=Q Rxc8 28.Ne6 Bh6
29.Nxf4 a6 30.Nh5 b5 31.axb5 axb5 32.Nb6 Rc6 33.Nd7 c4 34.Ndxf6+ Kh8 35.Rfe1
Rc8 36.Re7 {#r} 1-0

[Event "It (open) \"]
[Site "masterchessopen.com Budapest (Hungary)"]
[Round "0"]
[White "Czebe Attila (HUN)"]
[Black "Nogrady Vilmos (HUN)"]
[Result "1-0"]
[WhiteElo "2340"]
[BlackElo "2245"]

1.d4 Nf6 2.c4 g6 3.g3 Bg7 4.Bg2 d5 5.cxd5 Nxd5 6.e4 Nb6 7.Ne2 O-O 8.O-O Bg4
9.Nbc3 c6 10.b3 c5 11.Be3 cxd4 12.Bxd4 Bxd4 13.Qxd4 Qxd4 14.Nxd4 e5 15.Ndb5
Nc6 16.f4 Nd4 17.Nd6 Nc2 18.Rac1 Ne3 19.Rf2 exf4 20.gxf4 Rab8 21.e5 Nxg2
22.Kxg2 Nc8 23.Nce4 f5 24.Nf6+ Rxf6 25.Nxc8 Re6 26.Rc7 g5 27.Rd2 Re8 28.Nd6
gxf4 29.Nxe8 Rxe8 30.Rdd7 h5 31.Rxb7 f3+ 32.Kf2 f4 33.Rg7+ Kf8 {#r} 1-0

[Event "It"]
[Site "masterchessopen.com Minsk (Belarus)"]
[Round "0"]
[White "Mochalov Evgeny V (BLR)"]
[Black "Zitin Yuri (EST)"]
[Result "1-0"]
[WhiteElo "2470"]
[BlackElo "2315"]

1.d4 Nf6 2.c4 g6 3.g3 d5 4.cxd5 Nxd5 5.e4 Nb6 6.Bg2 Bg7 7.Ne2 c5 8.d5 O-O
9.O-O e6 10.Nbc3 Na6 11.h3 h5 12.dxe6 Bxe6 13.Nd5 Nxd5 14.exd5 Bf5 15.Nc3 Qd7
16.Kh2 Rfe8 17.Bg5 Nb4 18.Qd2 Nc2 19.g4 hxg4 20.hxg4 Nxa1 21.gxf5 Qxf5 22.Rxa1
f6 23.Bf4 Qh5+ 24.Kg1 g5 25.Bc7 f5 26.d6 Be5 27.d7 Qh2+ 28.Kf1 Bxc7 29.Qxg5+
{#r} 1-0

[Event "Ch Yugoslavia"]
[Site "masterchessopen.com Novi Sad (Yugoslavia)"]
[Round "0"]
[White "Ilincic Zlatko (SRB)"]
[Black "Popovic Petar (SRB)"]
[Result "1-0"]
[WhiteElo "2555"]
[BlackElo "2555"]

1.d4 Nf6 2.c4 g6 3.g3 Bg7 4.Bg2 d5 5.cxd5 Nxd5 6.e4 Nb6 7.Ne2 c5 8.d5 e6 9.O-O
O-O 10.Nec3 Na6 11.a4 exd5 12.exd5 Bf5 13.Na3 Qd7 14.a5 Nc8 15.Qb3 Nd6 16.Bf4
Nb4 17.Na4 Bd4 18.Rfd1 Nb5 19.Nxb5 Qxb5 20.Rxd4 cxd4 21.Bd2 Rfc8 22.Qxb4 Qxb4
23.Bxb4 Rc4 24.Bd2 Rac8 25.Bf1 Rc2 26.Bh6 f6 27.Rd1 g5 28.Rxd4 Kf7 29.g4 Bd7
30.Bd3 Rd2 31.Nc3 Bxg4 32.h4 Bf3 33.hxg5 fxg5 34.d6 Bc6 35.Bc4+ {#r} 1-0

[Event "Ch Asia (team)"]
[Site "masterchessopen.com Singapore"]
[Round "2"]
[White "Hsu Li-Yang (SIN)"]
[Black "Lin Weiguo (CHN)"]
[Result "1-0"]
[WhiteElo "2430"]
[BlackElo "2460"]

1.d4 Nf6 2.c4 g6 3.g3 Bg7 4.Bg2 d5 5.cxd5 Nxd5 6.e4 Nb6 7.Ne2 O-O 8.Nbc3 e5
9.d5 c6 10.O-O cxd5 11.exd5 Na6 12.a4 Bg4 13.a5 Nc4 14.h3 Bxe2 15.Qxe2 Nd6
16.Be3 Qd7 17.Kh2 f5 18.f4 Rfe8 19.fxe5 Bxe5 20.Qf2 Bxc3 21.bxc3 Ne4 22.Qf4
Rac8 23.Bd4 Nac5 24.g4 fxg4 25.hxg4 Nd3 26.Qh6 Nxc3 27.Rf6 Ne5 28.Bxe5 Rxe5
29.Raf1 Qg7 30.Qf4 Re7 31.d6 Rd7 32.g5 Kh8 33.Bh3 Nd5 34.Qe5 Nxf6 35.gxf6 {#r}
1-0

[Event "It (open)"]
[Site "masterchessopen.com St. Petersburg (Russia)"]
[Round "0"]
[White "Aseev Konstantin N (RUS)"]
[Black "Neverov Valeriy (UKR)"]
[Result "1-0"]
[WhiteElo "2530"]
[BlackElo "2485"]

1.d4 Nf6 2.c4 g6 3.g3 Bg7 4.Bg2 d5 5.cxd5 Nxd5 6.e4 Nb6 7.Ne2 O-O 8.O-O Na6
9.Nbc3 c5 10.d5 e6 11.h3 Re8 12.Nb5 exd5 13.exd5 Bd7 14.Nec3 Bxb5 15.Nxb5 Qd7
16.a4 Nc4 17.d6 Nxb2 18.Bxb2 Bxb2 19.Rb1 Bg7 20.Nc7 Nxc7 21.dxc7 Qxc7 22.Rxb7
Qe5 23.Qb3 Rf8 24.Rxf7 Rab8 25.Rxf8+ Kxf8 26.Qc4 Qd4 27.Qe6 Qf6 28.Qd7 Qe7
29.Qg4 Kg8 30.h4 Bd4 31.h5 Qf6 32.Be4 Rb2 33.hxg6 hxg6 34.Bxg6 Kf8 35.Bf5 a5
36.Kg2 Qc6+ 37.Be4 Qf6 38.Bf3 {#r} 1-0

[Event "It (open)"]
[Site "masterchessopen.com St. Petersburg (Russia)"]
[Round "0"]
[White "Vaulin Alexander (RUS)"]
[Black "Iljin Stanislav (UKR)"]
[Result "1-0"]
[WhiteElo "2490"]
[BlackElo "2384"]

1.c4 Nf6 2.g3 g6 3.Bg2 d5 4.cxd5 Nxd5 5.d4 Bg7 6.e4 Nb6 7.Ne2 O-O 8.Nbc3 c6
9.f4 Be6 10.O-O f5 11.d5 Bf7 12.dxc6 Nxc6 13.e5 Nc4 14.Qxd8 Rfxd8 15.b3 Nb6
16.Ba3 Rd2 17.Rfd1 Rad8 18.Bxc6 bxc6 19.Bxe7 Rxd1+ 20.Rxd1 Rxd1+ 21.Nxd1 Bf8
22.Bxf8 Kxf8 23.Kf2 a5 24.Nec3 c5 25.Nb2 Ke7 26.Nca4 Nxa4 27.Nxa4 c4 28.bxc4
Bxc4 29.a3 Ke6 30.Ke3 {#r} 1-0

[Event "It (cat.7)"]
[Site "masterchessopen.com Gausdal (Norway)"]
[Round "8"]
[White "Madsen Dag (NOR)"]
[Black "Elsness Frode (NOR)"]
[Result "1-0"]
[WhiteElo "2325"]
[BlackElo "2350"]

1.d4 Nf6 2.c4 g6 3.g3 Bg7 4.Bg2 d5 5.cxd5 Nxd5 6.e4 Nb6 7.Ne2 O-O 8.Nbc3 e5
9.d5 c6 10.Be3 cxd5 11.exd5 N8d7 12.Qb3 f5 13.a4 f4 14.gxf4 Qh4 15.fxe5 Nxe5
16.O-O-O Bf5 17.Ng3 Bg4 18.Rd4 Qd8 19.h4 Rc8 20.h5 gxh5 21.Nxh5 Bxh5 22.Rxh5
Nec4 23.Qc2 h6 24.Bh3 Nxe3 25.fxe3 Qe8 26.Be6+ Kh8 27.Qh2 Qg6 28.Bxc8 Rxc8
29.Rdh4 Kg8 30.Rxh6 Bxh6 31.Rxh6 Qg7 32.Kb1 Rf8 33.Qh5 Rf6 34.Qe8+ Qf8
35.Qxf8+ Rxf8 36.Rg6+ Kf7 37.Rg2 Nc4 38.Rf2+ Ke7 39.Rxf8 Kxf8 40.e4 Ke7 41.Kc2
a6 42.b3 Ne5 43.Ne2 Kd6 44.Nf4 b6 45.Kc3 Nf3 46.Nd3 Ng5 47.Kd4 Nf3+ 48.Ke3 Ng1
49.Nf4 Ke5 50.Kf2 {#r} 1-0

[Event "?"]
[Site "masterchessopen.com Nice (France)"]
[Round "0"]
[White "Dorfman Iossif D (FRA)"]
[Black "Molnar Bela (HUN)"]
[Result "1-0"]
[WhiteElo "2590"]
[BlackElo "2375"]

1.d4 Nf6 2.c4 g6 3.g3 d5 4.cxd5 Nxd5 5.e4 Nb6 6.Bg2 Bg7 7.Ne2 h5 8.h3 Nc6 9.d5
Ne5 10.Nbc3 c6 11.f4 Nec4 12.dxc6 Qxd1+ 13.Kxd1 bxc6 14.b3 Na5 15.Be3 Ba6
16.Rc1 Rd8+ 17.Ke1 Rd3 18.Kf2 h4 19.g4 e5 20.f5 Rxe3 21.Kxe3 Bh6+ 22.Kf2 Bxc1
23.Nxc1 g5 24.Bf1 Bxf1 25.Rxf1 Ke7 26.Nd3 f6 27.Nc5 Nd7 28.N3a4 Rb8 29.Rc1 Rb5
30.Nd3 Kd6 31.Ke3 Nb7 32.Nc3 Rb6 33.Nb2 Na5 34.Nca4 Rb8 35.Rc3 Rb5 36.Nd3 Nb7
37.Nab2 Nbc5 38.Nc4+ Kc7 39.Na3 {#r} 1-0

[Event "It (open)"]
[Site "masterchessopen.com Novorossijsk (Russia)"]
[Round "0"]
[White "Tregubov Pavel V (RUS)"]
[Black "Stambulian Arsen (ARM)"]
[Result "1-0"]
[WhiteElo "2520"]
[BlackElo "2270"]

1.d4 Nf6 2.c4 g6 3.g3 Bg7 4.Bg2 d5 5.cxd5 Nxd5 6.e4 Nb6 7.Ne2 O-O 8.O-O Nc6
9.d5 Na5 10.Nbc3 c6 11.Bf4 cxd5 12.exd5 Nac4 13.b3 Nd6 14.Rc1 Bg4 15.h3 Bd7
16.a4 h6 17.Qd2 Kh7 18.Nd4 Nbc8 19.Rfe1 Qb6 20.Be3 Qb4 21.Ncb5 Qxd2 22.Bxd2 a6
23.Nxd6 exd6 24.Rc7 Bxd4 25.Rxd7 b5 26.Re4 Bc5 27.Rh4 h5 28.g4 Nb6 29.Rb7 Rab8
30.Rxb8 Rxb8 31.axb5 axb5 32.gxh5 Nd7 33.hxg6+ Kxg6 34.b4 Bb6 {#r} 1-0